Central Library OPAC University of Rajshahi

Shelley : (Record no. 54797)

MARC details
000 -LEADER
fixed length control field 00817nam a2200277 a 4500
001 - CONTROL NUMBER
control field 54797
003 - CONTROL NUMBER IDENTIFIER
rucl marc code BD-RjUL
005 - DATE AND TIME OF LATEST TRANSACTION
control field 20211209080153.0
008 - FIXED-LENGTH DATA ELEMENTS--GENERAL INFORMATION
fixed length control field 161110s1957 enk 001 0 eng d
020 ## - INTERNATIONAL STANDARD BOOK NUMBER
International Standard Book Number 0335150829 pbk
International Standard Book Number 0335150918
035 ## - SYSTEM CONTROL NUMBER
System control number (BD-RjUL)54919
040 ## - CATALOGING SOURCE
Original cataloging agency BD-RjUL
Language of cataloging eng
Transcribing agency BD-RjUL
Modifying agency BD-RjUL
041 ## - LANGUAGE CODE
Language code of text/sound track or separate title eng
082 ## - DEWEY DECIMAL CLASSIFICATION NUMBER
Classification number 821.7
Edition number 23
Author mark and year SHE 1957
245 10 - TITLE STATEMENT
Title Shelley :
Statement of responsibility, etc. poems published in 1820 /
Remainder of title A M D Hughes
250 ## - EDITION STATEMENT
Edition statement 2nd ed.
260 ## - PUBLICATION, DISTRIBUTION, ETC. (IMPRINT)
Place of publication, distribution, etc. Oxford : 1957.
Name of publisher, distributor, etc. At the Clarendon Press,
Date of publication, distribution, etc. 1957.
300 ## - PHYSICAL DESCRIPTION
Pagination xliii, 229 p ;
Size 22 cm
504 ## - BIBLIOGRAPHY, ETC. NOTE
Bibliography, etc Includes bibliography and index
600 10 - SUBJECT ADDED ENTRY--PERSONAL NAME
Personal name Shelley, Percy Bysshe,
Dates associated with a name 1792-1822
General subdivision Criticism and interpretation.
700 ## - ADDED ENTRY--PERSONAL NAME
Personal name Hughes, A M D
942 ## - ADDED ENTRY ELEMENTS (KOHA)
Source of classification or shelving scheme Dewey Decimal Classification
Koha item type Books
Holdings
Lost status Source of classification or shelving scheme Damaged status Not for loan Collection code Permanent Location Current Location Shelving location Date acquired Source of acquisition Cost, normal purchase price Total Checkouts Full call number Date last seen Copy number Koha item type
  Dewey Decimal Classification     Non-fiction Central Library, University of Rajshahi Central Library, University of Rajshahi   15/11/1957 Oxford university press 12.30   821.7 SHE 1957 10/11/2016 C-2 Books